000 00917nam a22002537a 4500
001 BRCA_9384
003 FranzMayer
005 20230918124228.0
008 230901b |||||||| |||| 00| 0 eng d
020 _a9197414514
040 _aMFM
_bESPAÑOL
_cMFM
050 0 _aNK1173.D34
_bA78 2001
110 1 _4Responsable
_aArvinius Förlag
_929458
240 _aBjörn Dahlström, designer
_lSueco/inglés
245 0 _aBjörn Dahlström, designer
260 _aSuecia
_bArvinius Förlag
_c2001
300 _a1 v
_bIlustraciones a color
_c25 cm
500 _aAnexo 1
500 _aEl libro se encuentra con parta gruesa, tiene una sobrecubierta
505 _aTexto en: sueco e inglésDirigido a: diseñadores o historiadores de arte
650 1 _2Artes decorativas
_aArtes aplicativas
_vDiseño
_929459
651 2 _2Diseñadores europeos
_aDiseñadores suecos
_vBjörn Dahlström (1957-)
_929460
942 _2lcc
_cB
999 _c11006
_d11006